Comparison of frugivory by howling monkeys (<Alouatta palliata>) and bats (<Artibeus jamaicensis>) in the tropical rain forest of Los Tuxtlas, Mexico (Registro nro. 10228)
[ vista simple ]
| 000 -CABECERA | |
|---|---|
| Campo de control | 007310000a22002050004500 |
| 090 ## - CLASIFICACIÓN LOCAL | |
| Colección | AR |
| Consecutivo | 01142 |
| 041 0# - IDIOMA | |
| Código de idioma para texto/pista de sonido o título separado | |
| 100 1# - ASIENTO PRINCIPAL--NOMBRE PERSONAL | |
| Nombre personal | Estrada, Alejandro |
| 245 10 - MENCION DE TITULO | |
| Título | Comparison of frugivory by howling monkeys (<Alouatta palliata>) and bats (<Artibeus jamaicensis>) in the tropical rain forest of Los Tuxtlas, Mexico |
| 650 14 - ASIENTO SECUNDARIO DE MATERIA - TERMINO TEMATICO | |
| Término temático o nombre geográfico como elemento de entrada | Hábitos alimentarios |
| 650 14 - ASIENTO SECUNDARIO DE MATERIA - TERMINO TEMATICO | |
| Término temático o nombre geográfico como elemento de entrada | Frugivoría |
| 650 14 - ASIENTO SECUNDARIO DE MATERIA - TERMINO TEMATICO | |
| Término temático o nombre geográfico como elemento de entrada | Partición de recursos |
| 653 ## - TERMINO DE INDIZACION - NO CONTROLADO | |
| -- | Alouatta |
| -- | Alouatta palliata |
| 653 ## - TERMINO DE INDIZACION - NO CONTROLADO | |
| -- | Artibeus |
| -- | Artibeus jamaicensis |
| 700 1# - ASIENTO SECUNDARIO - NOMBRE PERSONAL | |
| Nombre personal | Coates Estrada, Rosamond |
| 700 1# - ASIENTO SECUNDARIO - NOMBRE PERSONAL | |
| Nombre personal | Orozco Segovia, Alma |
| 700 1# - ASIENTO SECUNDARIO - NOMBRE PERSONAL | |
| Nombre personal | Vásquez Yanes, Carlos |
| 773 1# - Item fuente: | |
| Título | Preprint |
| Especificación de materiales | 3 |
| Paginas del Articulo | 1-11 |
| Lugar, editorial y fecha de publicación | 1984 |
| 942 ## - ELEMENTOS ADICIONALES (KOHA) | |
| Tipo de ítem | Artículo |
| Withdrawn status | Lost status | Damaged status | No para préstamo | Colección | Ubicación Permanente | Ubicación actual | Fecha de adquisición | Datos de publicación Seriada | Total Checkouts | Número topográfico | Inventario / Código de Barras | Date last seen | Ejemplar | Price effective from | Forma de adquisición | Tipo de material |
|---|---|---|---|---|---|---|---|---|---|---|---|---|---|---|---|---|
| No para Préstamo | Hemeroteca | Bogotá | Bogotá | 27/02/2015 | Fuera de circulación | AR 01142 | 011460 | 25/03/2015 | 1 | 25/03/2015 | Artículo |